000 01007nam a2200241 i 4500
001 182680
003 ES-MaACL
005 20250902225552.0
008 131009s2010 sp | |||||||| | spa d
020 _a978-84-92705-12-2
080 _a821.134.2-14"19"
100 1 _aGarcía Lorca, Federico,
_d1898-1936
_954853
245 1 0 _aEscondida luz :
_bantología /
_cFederico García Lorca ; [antología, montaje poemático y prólogo de Antonio Gamoneda].
260 _aSevilla :
_bSibilina :
_bFundación BBVA,
_c[2010]
300 _a231 p. ;
_c21 cm.
490 1 _aBiblioteca Sibila-Fundación BBVA de poesía en español ;
_v23. Antologías
700 1 _aGamoneda, Antonio,
_d1931-
_953807
830 1 _aBiblioteca Sibila-Fundación BBVA de poesía en español ;
_v23. Antologías
_9191809
852 _aES-MaACL
_jA-12830
_9189587
_bR.149044
_cDEPO1
_dOlim: N-5830
_xDonación: Fundación BBVA
914 _aFundación BBVA
_ednr
_94230
942 _2udc
_cMONOGRAFIA
999 _c182680
_d182680